15 principaux pays touchés par Covid-19 - 29 juillet - Statistiques

Statistiques générales
  • Ce quiz a été pris 40 fois
  • Le résultat moyen est 8 sur 25
Statistiques - réponses
pays % Correct
Etats-Unis
87%
Italie
84%
Russie
74%
Espagne
71%
Royaume-Uni
66%
Brésil
61%
Inde
58%
Mexique
55%
Afrique du Sud
26%
Pakistan
26%
Pérou
26%
Chili
24%
Chili
24%
Colombie
24%
Arabie Saoudite
21%
Iran
21%
Suède
13%
Qatar
8%
Bahreïn
5%
Israël
5%
Oman
5%
Panama
5%
Singapour
5%
Arménie
3%
Koweït
3%
Aucun quiz correspondant
Distribution des résultats
% des personnes avec chaque résultat
Percentile par nombre de réponses
Votre historique - résultats
Vous n’avez pas pris ce quiz